Slovak white varietal wines: classification and characterisation by means of volatile compoundus

Salvato in:
Dettagli Bibliografici
Autore principale: Peťka, Ján (Autore)
Natura: Manoscritto Libro
Lingua:inglese
Pubblicazione: Bratislava : STU v Bratislave FCHPT, 2002
Edizione:Obháj.: 18.3.2002
Tags: Aggiungi Tag
Nessun Tag, puoi essere il primo ad aggiungerne!!

MARC

LEADER 00000ntm a22000003a 4500
001 stu77085
005 20150617225644.5
008 020905s2002----xo------------------eng-d
040 |a STU  |b slo 
041 0 |a eng 
044 |a xo 
080 |a 663.2(043.3) 
100 1 |a Peťka, Ján  |4 aut 
245 1 |a Slovak white varietal wines: classification and characterisation by means of volatile compoundus 
250 |a Obháj.: 18.3.2002 
260 |a Bratislava :  |b STU v Bratislave FCHPT,  |c 2002 
300 |a 96 s. Tab.,grafy,lit 
500 |a Katedra biochemickej technológie 
996 |b 284C027012  |c C*KD497  |l CCI  |s A  |a 24  |w stu77085_0001